1630 1860 1770 1215 1753 1535 1643 1064 1636 1016 1843 1776 1932 1556 1680 1497 1815 1065 1776 1532 1874 1879 1128 1148 1059 1624 1869 1020 1157 1993 1764 1146 1846 1162 1493 1151 1762 1883 1974 1654 1196 1936 1678 1867 1533 1673 1349 1876 1032 1818 1733 1892 1999 1384 1806 1004 1316 1068 1897 1830 1794 1726 1322 1338 1639 1880 1124 1865 1547 1094 1287 1355 1038 1599 1358 1363 1932 1295 1690 1609 1789 1700 1260 1036 1814 1159 1229 1706 1938 1202 1733 1447 1655 1918 1376 1674 1014 1078 1938 BCNSPRNW ULIB Ver.6.0+V

เปลี่ยนเป็นภาษาไทย

Change to English
 แสดงรายละเอียดบรรณานุกรม
  กลับหน้าหลัก

Brief Record : Get Marc (ISO 2709) : E-mail record : QR code < ปิดหน้าต่าง
LEADER : 00000nam 2200000uu 4500
001    13399121457
003     ULIB
008    121120s||||||||th 000 0 tha d
020    ^a9789749169711 (ชุด 1)
020    ^a9789749169711 (ชุด 2)
090  4 ^aรส^bม686ร ล.1-2 2546
245 00 ^aบทกวีคัดสรร ชุด 2 /^cมูลนิธิสถาบันวิชาการ 14 ตุลา
250    ^aพิมพ์ครั้งที่ 1
260    ^aกรุงเทพฯ :^bมูลนิธิสถาบันวิชาการ 14 ตุลา,^c2546
300    ^a2 เล่ม ;^c21 ซม.
490 0  ^aหนังสือชุด''''''''ตุลาวรรณกรรม''''''''
500    ^aฉลองครบรอบ 30 ปี 14 ตุลา : 2516-2546 ร่วมวาระประวัติศาสตร์''''''''''''''''วัน 14 ตุลา ประชาธิปไตย''''''''''''''''
650  4 ^aกวีนิพนธ์ไทย
650  4 ^aกวีนิพนธ์ไทย^xแง่สังคม
710 2  ^aมูลนิธิสถาบันวิชาการ 14 ตุลา
945    ^p0^l0^i14349
995    ^aกัณชพร
999    ^aกัณชพร
รายการนี้ยังไม่มีแท็ก
คุณยังไม่ได้ล็อกอิน คุณสามารถมีกิจกรรมร่วมกับเว็บไซต์ได้ แต่ต้องล็อกอินก่อน ::
  ล็อกอิน

รายการสื่อสารสนเทศ

ลำดับที่ ประเภท เลขเรียก/บาร์โค้ด สถานที่ สถานะ
1. นวนิยาย
นวนิยาย
รส ม686ร ล.1-2 2546  
  Barcode: 14349
ห้องสมุดวิทยาเขตสวรรค์ประชารักษ์
►นวนิยาย
บนชั้น
  ขอยืม

รายการใกล้เคียง
    หัวเรื่อง [กวีนิพนธ์ไทย]

BibComment


ยังไม่เคยถูกคอมเมนท์

คอมเมนท์ทรัพยากรรายการนี้
  คอมเมนท์: บทกวีคัดสรร ชุด ..


 Copyright 2026. Bcnsprnw @Library